Pokémon ou footballeur #2 - Statistiques

Statistiques générales
  • Ce quiz a été pris 99 fois
  • Le résultat moyen est 21 sur 30
Statistiques - réponses
Question Réponse % Correct
Eto'o Footballeur
94%
Areola Footballeur
91%
Klose Footballeur
91%
Palinha Footballeur
89%
Luxio Pokemon
89%
Absol Pokemon
88%
Bartra Footballeur
87%
Nenê Footballeur
86%
Lucario Pokemon
85%
Gravenberch Footballeur
83%
Lucio Footballeur
81%
Nœufnœuf Pokemon
78%
Couafarel Pokemon
78%
Albiol Footballeur
77%
Arbeloa Footballeur
77%
Barpaud Pokemon
77%
Bernard Footballeur
75%
Ho-oh Pokemon
75%
Oh-ho Ni l'un ni l'autre
70%
Zamorano Footballeur
69%
Mime Jr Pokemon
68%
Biranha Ni l'un ni l'autre
67%
Carvanha Pokemon
66%
Frison Pokemon
59%
Taffarel Footballeur
53%
Kravarech Pokemon
53%
Alola Ni l'un ni l'autre
48%
Lucas Riault Ni l'un ni l'autre
43%
Wazza Footballeur
18%
Volpato Footballeur
18%
Aucun quiz correspondant
Distribution des résultats
% des personnes avec chaque résultat
Percentile par nombre de réponses
Votre historique - résultats
Vous n’avez pas pris ce quiz